Statistics for States by Date of Statehood

Click here to take the quiz!

General Stats

  • This quiz has been taken 1,172 times
    (1,163 since last reset)
  • The average score is 26 of 50

Answer Stats

# State % Correct
1Delaware
97%
2Pennsylvania
85%
50Hawaii
78%
3New Jersey
77%
49Alaska
77%
4Georgia
72%
5Connecticut
71%
7Maryland
70%
6Massachusetts
70%
11New York
70%
10Virginia
69%
13Rhode Island
67%
8South Carolina
65%
14Vermont
65%
12North Carolina
65%
9New Hampshire
63%
17Ohio
61%
15Kentucky
60%
48Arizona
58%
16Tennessee
58%
47New Mexico
57%
19Indiana
51%
46Oklahoma
49%
23Maine
49%
18Louisiana
47%
21Illinois
47%
22Alabama
46%
20Mississippi
45%
45Utah
45%
24Missouri
43%
28Texas
42%
44Wyoming
41%
27Florida
41%
26Michigan
40%
25Arkansas
40%
43Idaho
40%
31California
39%
41Montana
38%
29Iowa
38%
34Kansas
38%
42Washington
38%
40South Dakota
37%
39North Dakota
37%
38Colorado
37%
35West Virginia
36%
33Oregon
36%
37Nebraska
36%
30Wisconsin
35%
32Minnesota
34%
36Nevada
34%

Score Distribution

Percentile by Number Answered

Percent of People with Each Score

Your Score History

You have not taken this quiz since the last reset